[Event "zonal 1.7"]
[Site "Mezezers LAT"]
[Date "2000.06.15"]
[Round "10"]
[White "Cmilyte, Viktorija"]
[Black "Labuckas, Aidas"]
[Result "1-0"]
[WhiteElo "2329"]
[BlackElo "2307"]
[EventDate "2000.06.03"]
[PlyCount "103"]

1.d4 Nf6 2.c4 g6 3.Nc3 Bg7 4.e4 d6 5.Nf3 O-O 6.Be2 e5 7.O-O Nbd7 8.Qc2 c6 
9.Be3 Ng4 10.Bg5 f6 11.Bd2 Nh6 12.d5 c5 13.Nb5 Nf7 14.a3 a6 15.Nc3 Bh6 16.
Rab1 Bxd2 17.Nxd2 Nh6 18.b4 f5 19.exf5 gxf5 20.f4 e4 21.Kh1 cxb4 22.axb4 
Nf6 23.Nd1 b6 24.Ne3 Bd7 25.c5 Bb5 26.Bxb5 axb5 27.Rfe1 Ra4 28.c6 Rf7 29.
Rb3 Raa7 30.Ndf1 Nh5 31.g3 Nf6 32.Qe2 Nfg4 33.Nxg4 Nxg4 34.h3 Nf6 35.Ne3 
Ne8 36.Rg1 Qf6 37.g4 Ra1 38.Nxf5 Rxg1+ 39.Kxg1 Qa1+ 40.Qf1 Ra7 41.Qxa1 
Rxa1+ 42.Kf2 Nc7 43.Nxd6 Nxd5 44.Nxe4 Rc1 45.Rd3 Nxb4 46.Rd8+ Kg7 47.Rd7+ 
Kh6 48.c7 Na6 49.Nf6 Rxc7 50.Ng8+ Kg6 51.f5+ Kg5 52.Rxc7 1-0

[Event "zonal 1.7"]
[Site "Mezezers LAT"]
[Date "2000.06.15"]
[Round "10"]
[White "Kulaots, Kaido"]
[Black "Slapikas, Vytautas"]
[Result "1/2-1/2"]
[WhiteElo "2499"]
[BlackElo "2423"]
[EventDate "2000.06.03"]
[PlyCount "100"]

1.e4 c6 2.d4 d5 3.Nd2 dxe4 4.Nxe4 Nf6 5.Nxf6+ exf6 6.c3 Bd6 7.Bd3 O-O 8.
Qf3 Re8+ 9.Ne2 Nd7 10.O-O Nf8 11.Bf4 Ng6 12.Bxd6 Qxd6 13.Rfd1 Re7 14.c4 
Bd7 15.c5 Qc7 16.Nc3 Rae8 17.d5 Qa5 18.Be4 Qxc5 19.Rac1 Qb4 20.dxc6 Bxc6 
21.Bxc6 Ne5 22.Qe3 Nxc6 23.Nd5 Rxe3 24.Nxb4 Re2 25.Nxc6 bxc6 26.h3 Rxb2 
27.Rxc6 h6 28.a4 Ree2 29.Rf1 a5 30.Rc5 Re5 31.Rfc1 Ra2 32.Rxe5 fxe5 33.Rc5
Rxa4 34.Rxe5 Ra2 35.h4 g6 36.h5 g5 37.g3 Kg7 38.Kg2 a4 39.Ra5 a3 40.Ra6 
Ra1 41.Kf3 Rh1 42.Rxa3 Rxh5 43.Kg4 Rh2 44.f4 gxf4 45.Kxf4 h5 46.Ra6 Rb2 
47.Kg5 Rb5+ 48.Kh4 f6 49.g4 hxg4 50.Kxg4 Kg6 1/2-1/2

[Event "zonal 1.7"]
[Site "Mezezers LAT"]
[Date "2000.06.15"]
[Round "10"]
[White "Kveinys, Aloyzas"]
[Black "Rotsagov, Mihhail"]
[Result "1-0"]
[WhiteElo "2496"]
[BlackElo "2542"]
[EventDate "2000.06.03"]
[PlyCount "117"]

1.c4 e5 2.g3 Nf6 3.Bg2 d5 4.cxd5 Nxd5 5.Nc3 Nb6 6.Nf3 Nc6 7.O-O Be7 8.d3 
O-O 9.Be3 Be6 10.Na4 e4 11.Ne1 exd3 12.Nxd3 Bd5 13.Bxb6 axb6 14.Bxd5 Qxd5 
15.Nc3 Qc4 16.Qd2 Bf6 17.Qf4 Nd4 18.Qg4 Rfe8 19.Nf4 c6 20.e3 Ne6 21.Qe2 
Qxe2 22.Nfxe2 b5 23.a3 Nc5 24.Rac1 Red8 25.Rc2 Nb3 26.Ne4 Be7 27.g4 b4 28.
axb4 Bxb4 29.Kg2 c5 30.N2c3 Kf8 31.h4 b6 32.h5 h6 33.Nb5 Ke7 34.Nbc3 Ra1 
35.Rxa1 Nxa1 36.Re2 c4 37.Nb5 Rd1 38.Nd4 Be1 39.Nf5+ Kf8 40.Nfd6 Rc1 41.
Nd2 Bxd2 42.Rxd2 Nc2 43.Kg3 Ne1 44.Rd4 Rc2 45.Rxc4 Rxb2 46.Rc7 Nd3 47.
Rxf7+ Kg8 48.Rf5 Nc5 49.f3 Rb3 50.Re5 Rd3 51.Re8+ Kh7 52.Nf7 g6 53.hxg6+ 
Kg7 54.Kf4 Rd7 55.Kf5 b5 56.Re5 Rc7 57.Nd6 Rc6 58.Re7+ Kg8 59.Nxb5 1-0

[Event "zonal 1.7"]
[Site "Mezezers LAT"]
[Date "2000.06.15"]
[Round "10"]
[White "Meijers, Viesturs"]
[Black "Kiik, Kalle"]
[Result "1-0"]
[WhiteElo "2482"]
[BlackElo "2445"]
[EventDate "2000.06.03"]
[PlyCount "61"]

1.e4 c5 2.Nf3 g6 3.d4 Bg7 4.dxc5 Qa5+ 5.c3 Qxc5 6.Be3 Qc7 7.h3 Nc6 8.Na3 
d6 9.Bd3 Nf6 10.O-O O-O 11.Qe2 Bd7 12.Nb5 Qc8 13.c4 Nh5 14.Rac1 Bxh3 15.
gxh3 Qxh3 16.Ng5 Qh4 17.Kg2 Ne5 18.Rh1 Nf4+ 19.Bxf4 Qxf4 20.Nxh7 Rfc8 21.
Rcd1 Bh6 22.Rh3 Nxd3 23.Qxd3 Rc5 24.Rdh1 Rh5 25.Nc7 Rc8 26.Nd5 Qe5 27.Rxh5
gxh5 28.Rxh5 Qg7+ 29.Kf1 Re8 30.Qh3 Kxh7 31.Ne3 1-0

[Event "zonal 1.7"]
[Site "Mezezers LAT"]
[Date "2000.06.16"]
[Round "11"]
[White "Kiik, Kalle"]
[Black "Krakops, Maris"]
[Result "0-1"]
[WhiteElo "2445"]
[BlackElo "2518"]
[EventDate "2000.06.03"]
[PlyCount "64"]

1.e4 c5 2.Nf3 Nc6 3.d4 cxd4 4.Nxd4 Nf6 5.Nc3 d6 6.Bc4 e6 7.Be3 Be7 8.Qe2 
a6 9.O-O-O O-O 10.Bb3 Qe8 11.f3 Nd7 12.g4 Nc5 13.h4 b5 14.g5 b4 15.Nb1 
Nxd4 16.Rxd4 Nxb3+ 17.axb3 a5 18.f4 e5 19.fxe5 dxe5 20.Rd5 Be6 21.Rxe5 Bd6
22.Rb5 Bxb3 23.Nd2 Be6 24.Bc5 Bxc5 25.Rxc5 Qa4 26.Nb1 Qa1 27.c3 Rac8 28.
Rxc8 Rxc8 29.Qd3 bxc3 30.bxc3 Rb8 31.Kd2 Ba2 32.Qd6 Qb2+ 0-1

[Event "zonal 1.7"]
[Site "Mezezers LAT"]
[Date "2000.06.16"]
[Round "11"]
[White "Klovans, Janis"]
[Black "Butnorius, Algimantas"]
[Result "1/2-1/2"]
[WhiteElo "2492"]
[BlackElo "2434"]
[EventDate "2000.06.03"]
[PlyCount "37"]

1.e4 e5 2.Nf3 Nc6 3.Bb5 a6 4.Ba4 Nf6 5.O-O Be7 6.Re1 b5 7.Bb3 d6 8.c3 O-O 
9.h3 h6 10.d4 Re8 11.Nbd2 Bf8 12.Nf1 Bd7 13.Ng3 Na5 14.Bc2 c5 15.b3 Nc6 
16.Be3 cxd4 17.cxd4 exd4 18.Nxd4 d5 19.exd5 1/2-1/2

[Event "zonal 1.7"]
[Site "Mezezers LAT"]
[Date "2000.06.16"]
[Round "11"]
[White "Labuckas, Aidas"]
[Black "Meijers, Viesturs"]
[Result "0-1"]
[WhiteElo "2307"]
[BlackElo "2482"]
[EventDate "2000.06.03"]
[PlyCount "74"]

1.Nf3 Nf6 2.g3 d5 3.Bg2 e6 4.O-O b6 5.d3 Be7 6.Nbd2 c5 7.e4 Bb7 8.e5 Nfd7 
9.h4 Qc7 10.Re1 Nc6 11.Qe2 h6 12.h5 O-O-O 13.c3 Rdg8 14.Nf1 g6 15.hxg6 
Rxg6 16.Bf4 Bg5 17.Bxg5 hxg5 18.g4 Kb8 19.d4 f5 20.exf6 Nxf6 21.Ne5 Nxe5 
22.dxe5 Nd7 23.Ng3 Rgh6 24.Nh5 Nf8 25.Qd2 Qe7 26.b4 cxb4 27.cxb4 Ng6 28.a4
Nh4 29.Qd4 Qf7 30.Ra3 Rc8 31.Rg3 Rc4 32.Qd2 Nxg2 33.Rxg2 Rxg4 34.Rxg4 Qxh5
35.f3 Qh1+ 36.Kf2 Rh2+ 37.Ke3 d4+ 0-1

[Event "zonal 1.7"]
[Site "Mezezers LAT"]
[Date "2000.06.16"]
[Round "11"]
[White "Luckans, Arnolds"]
[Black "Kveinys, Aloyzas"]
[Result "1/2-1/2"]
[WhiteElo "2421"]
[BlackElo "2496"]
[EventDate "2000.06.03"]
[PlyCount "41"]

1.d4 Nf6 2.Nf3 d6 3.g3 Nbd7 4.Bg2 e5 5.c4 g6 6.O-O Bg7 7.Nc3 O-O 8.e4 c6 
9.h3 a5 10.Be3 a4 11.Qc2 exd4 12.Nxd4 Qa5 13.Rab1 Nc5 14.Rfd1 Nfd7 15.Nde2
Qb4 16.b3 axb3 17.axb3 Ra3 18.Na2 Qa5 19.Nac3 Qb4 20.Na2 Qa5 21.Nac3 
1/2-1/2

[Event "zonal 1.7"]
[Site "Mezezers LAT"]
[Date "2000.06.16"]
[Round "11"]
[White "Miezis, Normunds"]
[Black "Ehlvest, Jaan"]
[Result "1/2-1/2"]
[WhiteElo "2481"]
[BlackElo "2622"]
[EventDate "2000.06.03"]
[PlyCount "20"]

1.c4 e6 2.e4 d5 3.exd5 exd5 4.d4 Nf6 5.Nc3 Bb4 6.Bd3 O-O 7.Nf3 dxc4 8.Bxc4
c5 9.O-O Nc6 10.dxc5 Qxd1 1/2-1/2

[Event "zonal 1.7"]
[Site "Mezezers LAT"]
[Date "2000.06.16"]
[Round "11"]
[White "Rotsagov, Mihhail"]
[Black "Kulaots, Kaido"]
[Result "1-0"]
[WhiteElo "2542"]
[BlackElo "2499"]
[EventDate "2000.06.03"]
[PlyCount "75"]

1.e4 e5 2.Nf3 Nc6 3.Bb5 a6 4.Ba4 Nf6 5.O-O Be7 6.Re1 b5 7.Bb3 d6 8.c3 O-O 
9.h3 Nd7 10.d4 Bf6 11.a4 Bb7 12.Na3 exd4 13.cxd4 Re8 14.Bf4 Na5 15.Bc2 b4 
16.Nb1 c5 17.Nbd2 Nf8 18.Be3 c4 19.Rc1 d5 20.e5 Be7 21.Nh2 Bc8 22.f4 b3 
23.Bb1 Bd7 24.f5 f6 25.Qh5 fxe5 26.dxe5 Nc6 27.Ng4 Bb4 28.Nf3 d4 29.Bg5 
Qc7 30.Be4 Bxe1 31.Rxe1 Qa5 32.e6 Bxe6 33.fxe6 Rxe6 34.Bxh7+ Nxh7 35.Rxe6 
Qd5 36.Qg6 Rc8 37.Nh6+ Kh8 38.Re8+ 1-0

[Event "zonal 1.7"]
[Site "Mezezers LAT"]
[Date "2000.06.17"]
[Round "12"]
[White "Butnorius, Algimantas"]
[Black "Ehlvest, Jaan"]
[Result "1/2-1/2"]
[WhiteElo "2434"]
[BlackElo "2622"]
[EventDate "2000.06.03"]
[PlyCount "24"]

1.d4 Nf6 2.Nf3 e6 3.c4 b6 4.g3 Ba6 5.b3 Bb4+ 6.Bd2 Be7 7.Bg2 c6 8.Bc3 d5 
9.Ne5 Nfd7 10.Nxd7 Nxd7 11.Nd2 O-O 12.O-O Nf6 1/2-1/2

[Event "zonal 1.7"]
[Site "Mezezers LAT"]
[Date "2000.06.17"]
[Round "12"]
[White "Cmilyte, Viktorija"]
[Black "Rotsagov, Mihhail"]
[Result "1/2-1/2"]
[WhiteElo "2329"]
[BlackElo "2542"]
[EventDate "2000.06.03"]
[PlyCount "43"]

1.d4 d5 2.c4 c6 3.Nf3 Nf6 4.Nc3 dxc4 5.a4 Bf5 6.e3 e6 7.Bxc4 Bb4 8.O-O 
Nbd7 9.Qe2 O-O 10.e4 Bg6 11.Bd3 h6 12.Rd1 Qe7 13.e5 Nd5 14.Nxd5 cxd5 15.
Bd2 Bxd2 16.Qxd2 Rac8 17.Rdc1 Bxd3 18.Qxd3 Nb8 19.h3 Rc7 20.Rc3 Rfc8 21.
Rac1 Qd7 22.b3 1/2-1/2

[Event "zonal 1.7"]
[Site "Mezezers LAT"]
[Date "2000.06.17"]
[Round "12"]
[White "Klovans, Janis"]
[Black "Kiik, Kalle"]
[Result "0-1"]
[WhiteElo "2492"]
[BlackElo "2445"]
[EventDate "2000.06.03"]
[PlyCount "118"]

1.e4 c5 2.Nf3 Nc6 3.d4 cxd4 4.Nxd4 e5 5.Nb5 d6 6.N1c3 a6 7.Na3 b5 8.Nd5 
Nce7 9.c4 Nxd5 10.exd5 bxc4 11.Nxc4 Nf6 12.Be3 Rb8 13.Qa4+ Qd7 14.Qxd7+ 
Bxd7 15.Nb6 Bb5 16.Bxb5+ axb5 17.Rc1 Be7 18.Rc6 Bd8 19.Rxd6 Bc7 20.Rc6 
Bxb6 21.Bxb6 Nxd5 22.Bc5 f6 23.Ke2 Kf7 24.Rd1 Nf4+ 25.Kf3 Rhc8 26.Rd7+ Kg6
27.Rxc8 Rxc8 28.Be3 Ne6 29.Rb7 f5 30.Rxb5 Kf6 31.h4 f4 32.Ba7 g5 33.hxg5+ 
Nxg5+ 34.Ke2 e4 35.a4 h5 36.a5 h4 37.a6 Ne6 38.Bb6 f3+ 39.gxf3 h3 40.Ke3 
Rh8 41.Ra5 h2 42.Ra1 h1=Q 43.Rxh1 Rxh1 44.a7 Rh8 45.fxe4 Ke7 46.b4 Kd7 47.
b5 Ra8 48.Kd3 Kc8 49.Be3 Kb7 50.e5 Nc7 51.Kc4 Rd8 52.Bc5 Rd1 53.Be3 Rd8 
54.b6 Nd5 55.Bc5 Nxb6+ 56.Bxb6 Kxb6 57.e6 Kc6 58.f4 Ra8 59.f5 Kd6 0-1

[Event "zonal 1.7"]
[Site "Mezezers LAT"]
[Date "2000.06.17"]
[Round "12"]
[White "Krakops, Maris"]
[Black "Labuckas, Aidas"]
[Result "1-0"]
[WhiteElo "2518"]
[BlackElo "2307"]
[EventDate "2000.06.03"]
[PlyCount "125"]

1.e4 d6 2.d4 Nf6 3.Nc3 g6 4.f4 Bg7 5.Nf3 O-O 6.Bd3 Nc6 7.O-O Bg4 8.e5 Nd7 
9.Be3 Nb4 10.Be4 c6 11.a3 Na6 12.h3 Bxf3 13.Bxf3 Nc7 14.Qd3 Nb6 15.Rad1 
Nbd5 16.Bc1 Nxc3 17.Qxc3 d5 18.Qd3 e6 19.g4 f5 20.exf6 Qxf6 21.g5 Qf5 22.
Qb3 Nb5 23.Bg4 Qf7 24.Qe3 Rfe8 25.Rfe1 Nc7 26.h4 Qd7 27.Re2 Kf7 28.Rde1 
Qd6 29.c3 b6 30.Qf3 Rad8 31.h5 c5 32.Be3 Qc6 33.hxg6+ hxg6 34.f5 exf5 35.
Bxf5 Kg8 36.Bd3 cxd4 37.cxd4 Nb5 38.Qh3 Rxe3 39.Rxe3 Nxd4 40.b4 Rf8 41.Kg2
Nc2 42.Bxc2 Qxc2+ 43.R3e2 Qf5 44.Qxf5 Rxf5 45.Re8+ Bf8 46.R1e5 Rxe5 47.
Rxe5 a5 48.bxa5 bxa5 49.a4 Bb4 50.Rxd5 Kf7 51.Re5 Bc3 52.Re2 Bb4 53.Kf3 
Be7 54.Re5 Bb4 55.Ke4 Bd2 56.Kd4 Bb4 57.Kd3 Kf8 58.Kc4 Kf7 59.Kb5 Bc3 60.
Re2 Bb4 61.Kb6 Bc3 62.Ka6 Kf8 63.Re3 1-0

[Event "zonal 1.7"]
[Site "Mezezers LAT"]
[Date "2000.06.17"]
[Round "12"]
[White "Kulaots, Kaido"]
[Black "Luckans, Arnolds"]
[Result "1-0"]
[WhiteElo "2499"]
[BlackElo "2421"]
[EventDate "2000.06.03"]
[PlyCount "61"]

1.e4 d6 2.d4 Nf6 3.Nc3 g6 4.Nf3 Bg7 5.Be3 c6 6.a4 O-O 7.Be2 Nbd7 8.O-O e5 
9.dxe5 dxe5 10.Nd2 Qe7 11.Nc4 Ne8 12.a5 f5 13.exf5 gxf5 14.f4 e4 15.Qd2 
Kh8 16.Rfd1 Nc5 17.Qe1 Ne6 18.Qf2 N8c7 19.Nd6 a6 20.Kh1 Nb5 21.Ncxb5 axb5 
22.c3 b4 23.cxb4 b5 24.Rac1 Bd7 25.Rc2 Nc7 26.Bc5 Qe6 27.Nb7 Rfb8 28.Bd4 
e3 29.Bxg7+ Kg8 30.Qg3 Rxb7 31.Bf6+ 1-0

[Event "zonal 1.7"]
[Site "Mezezers LAT"]
[Date "2000.06.17"]
[Round "12"]
[White "Kveinys, Aloyzas"]
[Black "Miezis, Normunds"]
[Result "1-0"]
[WhiteElo "2496"]
[BlackElo "2481"]
[EventDate "2000.06.03"]
[PlyCount "139"]

1.c4 b6 2.Nc3 Bb7 3.d4 e6 4.a3 f5 5.d5 Nf6 6.g3 b5 7.Bg2 bxc4 8.Nh3 exd5 
9.Nxd5 c6 10.Ne3 g6 11.Nxc4 d5 12.Bg5 Nbd7 13.Qb3 Ba6 14.Nd2 Qb6 15.Rc1 
Rc8 16.O-O Bg7 17.Be3 Qxb3 18.Nxb3 Ne4 19.Rc2 Bc4 20.Na5 Bb5 21.Rd1 O-O 
22.Bd4 Rfe8 23.Bxg7 Kxg7 24.b3 Nef6 25.e3 Ne5 26.a4 Bd3 27.Rb2 Be4 28.Ng5 
h6 29.Nxe4 fxe4 30.Rc2 c5 31.Nb7 Rc6 32.Rxc5 Rb6 33.Rc7+ Kf8 34.Nc5 Re7 
35.Rc8+ Re8 36.Rxe8+ Kxe8 37.Bf1 Ke7 38.Bb5 Kd6 39.Na6 Nd3 40.h3 Nd7 41.f4
N7c5 42.Nxc5 Kxc5 43.Bxd3 Rxb3 44.Be2 Rxe3 45.Kf2 Rc3 46.Rb1 d4 47.Rb8 Ra3
48.Rc8+ Kd6 49.Re8 d3 50.Bd1 Ra1 51.Ke1 Kd5 52.Kd2 Rb1 53.Rd8+ Kc5 54.Bg4 
h5 55.Be6 Rb2+ 56.Kc3 Rc2+ 57.Kb3 Rg2 58.Rd5+ Kc6 59.Kc3 Rc2+ 60.Kd4 Re2 
61.Bd7+ Kc7 62.Bb5 Re1 63.Ke5 Re3 64.g4 hxg4 65.hxg4 Re1 66.g5 Kb6 67.a5+ 
Kc7 68.Rd7+ Kc8 69.Rd4 Kb7 70.Be8 1-0

[Event "zonal 1.7"]
[Site "Mezezers LAT"]
[Date "2000.06.17"]
[Round "12"]
[White "Meijers, Viesturs"]
[Black "Slapikas, Vytautas"]
[Result "0-1"]
[WhiteElo "2482"]
[BlackElo "2423"]
[EventDate "2000.06.03"]
[PlyCount "70"]

1.e4 c6 2.d4 d5 3.exd5 cxd5 4.c4 Nf6 5.Nc3 Nc6 6.Bg5 Be6 7.a3 g6 8.Bxf6 
exf6 9.Be2 Bg7 10.Bf3 Ne7 11.cxd5 Nxd5 12.Qa4+ Bd7 13.Qb3 Nxc3 14.bxc3 Rb8
15.Ne2 O-O 16.O-O Qc7 17.c4 b6 18.Rfd1 f5 19.Rac1 Rfe8 20.g3 Bh6 21.Rc2 f4
22.g4 Qd8 23.h3 Qh4 24.Bg2 f3 25.Qxf3 Ba4 26.Qc3 Rxe2 27.Rxe2 Bxd1 28.Re1 
Ba4 29.Qb4 Re8 30.Rxe8+ Bxe8 31.Qd6 Bf8 32.Qb8 Qe7 33.Bb7 Ba4 34.Bd5 Bc2 
35.f4 g5 0-1

[Event "zonal 1.7"]
[Site "Mezezers LAT"]
[Date "2000.06.18"]
[Round "13"]
[White "Labuckas, Aidas"]
[Black "Klovans, Janis"]
[Result "1/2-1/2"]
[WhiteElo "2307"]
[BlackElo "2492"]
[EventDate "2000.06.03"]
[PlyCount "49"]

1.c4 e6 2.g3 Nf6 3.Bg2 d5 4.Nf3 dxc4 5.Qa4+ Nbd7 6.Qxc4 c5 7.O-O b6 8.d4 
Bb7 9.Nc3 Rc8 10.dxc5 Bxc5 11.Qb3 O-O 12.Nh4 Bxg2 13.Nxg2 a6 14.Qa4 Ra8 
15.Bg5 b5 16.Qh4 h6 17.Bxf6 Nxf6 18.Rad1 Qb6 19.Nf4 Rfd8 20.Nd3 Bd4 21.Ne4
Nd5 22.Nd2 Rac8 23.Nf3 Bf6 24.Qh5 Qb7 25.Rc1 1/2-1/2

[Event "zonal 1.7"]
[Site "Mezezers LAT"]
[Date "2000.06.18"]
[Round "13"]
[White "Luckans, Arnolds"]
[Black "Cmilyte, Viktorija"]
[Result "0-1"]
[WhiteElo "2421"]
[BlackElo "2329"]
[EventDate "2000.06.03"]
[PlyCount "122"]

1.Nf3 f5 2.g3 Nf6 3.Bg2 g6 4.O-O Bg7 5.c4 d6 6.d4 O-O 7.Nc3 c6 8.d5 e5 9.
dxe6 Bxe6 10.Bf4 Bxc4 11.Bxd6 Re8 12.Ba3 Qxd1 13.Rfxd1 Na6 14.Nd4 Rad8 15.
e3 Ne4 16.Nxe4 fxe4 17.Bf1 Bxf1 18.Kxf1 Rd5 19.Ke2 Kf7 20.Rd2 Nc7 21.Rad1 
Red8 22.b3 c5 23.Nc2 Ke6 24.Bxc5 Rxc5 25.Rxd8 Rxc2+ 26.R1d2 Rxd2+ 27.Kxd2 
Be5 28.a4 b6 29.Ke2 Ke7 30.Rb8 Kd7 31.f3 Ne8 32.Rb7+ Bc7 33.Rxa7 Kc8 34.a5
exf3+ 35.Kxf3 bxa5 36.Ra8+ Kd7 37.h3 Nf6 38.Rh8 Ke6 39.g4 g5 40.Ra8 Kd7 
41.Ra6 Ke7 42.Ke2 Nd7 43.Rh6 Nf8 44.Kd3 Be5 45.Ke4 Bg7 46.Rc6 Nd7 47.Kf5 
h6 48.Ra6 Bc3 49.Rxh6 Nc5 50.Rh7+ Kd6 51.Kxg5 Nxb3 52.Ra7 Kc6 53.h4 Kb6 
54.Ra8 Nc5 55.h5 Kb7 56.Re8 a4 57.Re7+ Kb6 58.Rf7 a3 59.Rf1 a2 60.Kf5 a1=Q
61.Rxa1 Bxa1 0-1

[Event "zonal 1.7"]
[Site "Mezezers LAT"]
[Date "2000.06.18"]
[Round "13"]
[White "Miezis, Normunds"]
[Black "Kulaots, Kaido"]
[Result "1/2-1/2"]
[WhiteElo "2481"]
[BlackElo "2499"]
[EventDate "2000.06.03"]
[PlyCount "98"]

1.c4 e6 2.e4 d5 3.exd5 exd5 4.cxd5 Nf6 5.Bb5+ Nbd7 6.Nc3 a6 7.Bxd7+ Qxd7 
8.Nf3 Nxd5 9.O-O Be7 10.Re1 Nxc3 11.bxc3 O-O 12.d4 Bd6 13.Ne5 Bxe5 14.Rxe5
Re8 15.Rxe8+ Qxe8 16.Bf4 c6 17.c4 Qe4 18.Qd2 Be6 19.f3 Qf5 20.Rc1 h6 21.
Kf2 Rd8 22.Bc7 Rd7 23.Bb6 Qf6 24.a4 Qh4+ 25.Kg1 Qe7 26.a5 Qf6 27.Qe3 Qf5 
28.Qc3 f6 29.Re1 Bf7 30.Re4 Rd6 31.Qd3 Qd7 32.Re1 Re6 33.Rd1 Qe8 34.Kf2 
Rd6 35.Bc5 Rd7 36.Re1 Qd8 37.Qc3 Kh8 38.Re3 Qg8 39.Qe1 Qb8 40.g3 Qd8 41.
Bb6 Qc8 42.Qb4 Qg8 43.Rc3 Qe8 44.Qb2 Qe6 45.Bc5 Rd8 46.Qd2 h5 47.Bb6 Re8 
48.Rc1 Qh3 49.Kg1 Qf5 1/2-1/2

[Event "zonal 1.7"]
[Site "Mezezers LAT"]
[Date "2000.06.18"]
[Round "13"]
[White "Rotsagov, Mihhail"]
[Black "Meijers, Viesturs"]
[Result "1-0"]
[WhiteElo "2542"]
[BlackElo "2482"]
[EventDate "2000.06.03"]
[PlyCount "97"]

1.e4 e5 2.Nf3 d6 3.d4 exd4 4.Nxd4 g6 5.Nc3 Bg7 6.Be3 Nf6 7.Qd2 O-O 8.O-O-O
Re8 9.f3 Nc6 10.g4 a6 11.Be2 Ne5 12.g5 Nh5 13.f4 Ng4 14.Bg1 c5 15.Nb3 Bxc3
16.bxc3 Rxe4 17.h3 Ng3 18.Bf3 Ra4 19.Bxc5 Nxh1 20.Bxh1 Rxa2 21.Kb1 Ra4 22.
Bd5 Bf5 23.Bd4 Qd7 24.hxg4 Bxg4 25.Re1 Bf5 26.Qe3 Kf8 27.Bf6 Be6 28.Bxe6 
fxe6 29.Qxe6 Qxe6 30.Rxe6 Rxf4 31.Rxd6 Re8 32.Nd4 Rf1+ 33.Kb2 b5 34.Rxa6 
Ree1 35.Ra8+ Kf7 36.Ra7+ Ke8 37.Nb3 Rh1 38.Bd4 h6 39.gxh6 Rxh6 40.Rb7 g5 
41.Rg7 Rh5 42.Bc5 Re5 43.Ba3 Rh1 44.Bc5 Rh5 45.Bd4 Rd5 46.Nc5 Rh6 47.Ne4 
Kf8 48.Nxg5 b4 49.Nh7+ 1-0

[Event "zonal 1.7"]
[Site "Mezezers LAT"]
[Date "2000.06.18"]
[Round "13"]
[White "Slapikas, Vytautas"]
[Black "Krakops, Maris"]
[Result "1/2-1/2"]
[WhiteElo "2423"]
[BlackElo "2518"]
[EventDate "2000.06.03"]
[PlyCount "26"]

1.e4 c5 2.c3 Nf6 3.e5 Nd5 4.d4 cxd4 5.Nf3 Nc6 6.cxd4 d6 7.Bc4 Nb6 8.Bb5 
dxe5 9.Nxe5 Bd7 10.Nc3 Nxe5 11.dxe5 Bxb5 12.Nxb5 Qxd1+ 13.Kxd1 Nd5 1/2-1/2